000 00399cam a22001337a 4500
008 180718b1986 xxu||||| |||| 00| 0 eng d
082 _aA6x5406 P193
100 _aPanikkar, K.M.
245 _aThe evolution British policy towards Indian states, 1774-1858
_cby K.M. Panikkar
260 _aDelhi
_bMittal
_c1986
300 _a117p.
650 _a(Written off)
650 _aIndia - History - 1600 - 1857
999 _c351432
_d351432